000 01659namaa2200361 i 4500
003 EG-GiCUC
005 20250714112511.0
008 151001s1999 ua jr 000 0 ara d
017 _a98 / 11368
_bدار الكتب والوثائق القومية (مصر)
020 _a9771968017
040 _aEG-GiCUC
_bara
_cEG-GiCUC
_dEG-GiCUC
_erda
041 1 _aara
_heng
082 0 4 _221
_a306.44
_bH5268
092 0 4 _a306.44
_bH5268
_221
099 0 4 _a306.44 H5268
100 1 _aهنسون، هيلارى،
_eمؤلف.
240 1 _aBritish social anthropolgists and language
_lArabic
245 1 2 _aالانثربولوجيون الاجتماعيون واللغة :
_bعرض نقدى لتطور العلاقة فى بريطانيا /
_cتأليف هيلارى هنسون ؛ نقله الى العربية محمود حمدى عبد الغنى
264 _aالاسكندرية :
_bدار المعرفة الجامعية،
_c1999
300 _a245 صفحة ؛
_c24 سم
336 _2rdacontent
_atext
337 _2rdamedia
_aUnmediated
338 _2rdacarrier
_avolume
500 _aالترجمة العربية لـ : British Social Anthropologists and Language
500 _aالنسخة رقم (171727) اهداء د. / جابر عصفور
504 _aيشتمل على ارجاعات ببليوجرافية
541 _cاهداء ؛
_aد.فاروق محمد العادلى ؛
_bالقاهرة ؛
_d2015
650 7 _aالاجتماع اللغوى، علم
_2qrmak
700 1 _aعبد الغنى، محمود حمدى،
_eمترجم.
905 _aجيهان
_eمراجع
905 _aعفاف
_eمدخل
942 _2ddc
_cBK
_e21
_n0
999 _c140697
_d140697